Normal view
MARC view
- Ruth Nussinov
Entry Personal Name
001 - CONTROL NUMBER
- control field: 21403
003 - CONTROL NUMBER IDENTIFIER
- control field: NUST
005 - DATE AND TIME OF LATEST TRANSACTION
- control field: 20190925153458.0
008 - FIXED-LENGTH DATA ELEMENTS
- fixed length control field: 190925|| aca||aabn | a|a d
040 ## - CATALOGING SOURCE
- Original cataloging agency: NUST
- Transcribing agency: NUST
100 ## - HEADING--PERSONAL NAME
- Personal name: Ruth Nussinov
670 ## - SOURCE DATA FOUND
- Source citation: Work cat.: (NUST)24654: Ruth Nussinov , Computational Protein-Protein Interactions
